| 000 | 00686nam a2200229 a 4500 | ||
|---|---|---|---|
| 999 |
_c11826 _d11826 |
||
| 001 | 11826 | ||
| 003 | BD-JhCC | ||
| 005 | 20230205134024.0 | ||
| 008 | 181120b19982019bg |||| ||a| 00| 0 ben d | ||
| 020 | _a9789844043480 | ||
| 035 | _a(BD-JhCC)11826 | ||
| 040 |
_aBD-JhCC _dBD-JhCC |
||
| 041 | _aben | ||
| 082 |
_a891.443 _bRAI 2019 |
||
| 100 | _aরায়হান, জহির | ||
| 245 |
_aএকুশে ফেব্রুয়ারী / _cজহির রায়হান । |
||
| 260 |
_aঢাকা: _bঅনুপম প্রকাশনী ; _c.২০১৯. |
||
| 300 |
_a39 p. : _c22 cm |
||
| 650 | _aBengali Novel . | ||
| 942 |
_2ddc _cBK _01 |
||